Catálogo
 En Linea

La pensée européenne au XVIIIème siècle : (Registro nro. 17182)

Detalles MARC
000 -CABECERA
campo de control de longitud fija 00563cam a2200169 4500
001 - NÚMERO DE CONTROL
campo de control 000017657
005 - FECHA Y HORA DE LA ÚLTIMA TRANSACCIÓN
campo de control 20200929165202.0
008 - DATOS DE LONGITUD FIJA--INFORMACIÓN GENERAL
campo de control de longitud fija 701217s1946 ctu b 001 0 eng c
040 ## - FUENTE DE LA CATALOGACIÓN
Centro catalogador/agencia de origen DO-SdBNP
Lengua de catalogación spa
Centro/agencia transcriptor BNPHU
041 17 - CÓDIGO DE LENGUA
Código de lengua del texto/banda sonora o título independiente spa
Código de lengua original fre
100 1# - ENTRADA PRINCIPAL--NOMBRE DE PERSONA
Nombre de persona Hazard, Paul,
Fechas asociadas al nombre 1878-1944.
9 (RLIN) 9086
240 10 - TÍTULO UNIFORME
Título uniforme Pensee europeenne au XVIIIeme siecle.
Lenguaje de la obra English
245 10 - MENCIÓN DE TÍTULO
Título La pensée européenne au XVIIIème siècle :
Resto del título de Montesquieu a Lessing /
Mención de responsabilidad, etc. Paul Hazard.
260 ## - PUBLICACIÓN, DISTRIBUCIÓN, ETC.
Lugar de publicación, distribución, etc. Paris :
Nombre del editor, distribuidor, etc. Ancienne librairie furne,
Fecha de publicación, distribución, etc. 1946.
300 ## - DESCRIPCIÓN FÍSICA
Extensión xx, 477 p. ;
Dimensiones 22 cm.
500 ## - NOTA GENERAL
Nota general Incluye índice
Existencias
Estado de retiro Estado de pérdida Restricciones de uso No para préstamo Código de colección Localización permanente Ubicación/localización actual Ubicación en estantería Fecha de adquisición Número de inventario Total de préstamos Signatura topográfica completa Código de barras Fecha visto por última vez Precio válido a partir de Tipo de ítem Koha
      Excluido de préstamo Monografías: Libros y Folletos General General Depósito 29.03.2010 LF1   v. 2 17657-10 25.06.2020 25.06.2020 No se presta
        Monografías: Libros y Folletos General General Orden iniciada 02.06.2017 LF1   17657-20 25.06.2020 25.06.2020 No se presta

Con tecnología Koha